| 000 | 01003 a2200205 4500 | ||
|---|---|---|---|
| 003 | Nust | ||
| 005 | 20221102095120.0 | ||
| 010 | _a 78013261 | ||
| 020 | _a0070293015 | ||
| 040 | _cNust | ||
| 082 | 0 | 0 | _a510,HOF |
| 100 | 1 |
_aHoffmann, Laurence D., _9102231 |
|
| 245 | 1 | 0 |
_aMathematics with applications / _cLaurence D. Hoffmann, Michael Orkin. |
| 260 |
_aNew York : _bMcGraw-Hill, _cc1979. |
||
| 300 |
_ax, 438 p. : _bill. ; _c24 cm. |
||
| 505 | _aLinear Function and Straight Lines (Page-1), Matrix Algebra (Page-25), Linear Programming (Page-61), Sets and Counting (Page-61), Probability (Page-115), Distributions (Page-167), Statistical Inference (Page-195), Decisions theory and the Theory of Games (Page-223), The Mathematics of Finances (Page-253), Functions and Graphs (Page-273), Differential Calculus (Page-289), Exponential and Logarithmic Functions (Page-339), Integral Calculus (Page-365). | ||
| 650 | 0 | _aMathematics. | |
| 700 | 1 |
_aOrkin, Michael. _9102232 |
|
| 942 |
_2ddc _cBK _k510,HOF |
||
| 999 |
_c179965 _d179965 |
||